Pests in rubber plantations (Record no. 52739)

MARC details
000 -LEADER
fixed length control field 00543nam a2200169Ia 4500
100 ## - MAIN ENTRY--AUTHOR NAME
Personal name Nehru C.R.
245 #0 - TITLE STATEMENT
Title Pests in rubber plantations
260 ## - PUBLICATION, DISTRIBUTION, ETC. (IMPRINT)
Name of publisher In: Natural rubber: Agromanagement and crop processing. (Eds. P.J. George and C. Kuruvilla Jacob). Rubber Research Institute of India, Kottayam, India, pp. 347-368.
Year of publication 2000
650 ## - SUBJECT ADDED ENTRY--TOPICAL TERM
Topical Term Insect
650 ## - SUBJECT ADDED ENTRY--TOPICAL TERM
Topical Term Nematode
650 ## - SUBJECT ADDED ENTRY--TOPICAL TERM
Topical Term Non insect pest
650 ## - SUBJECT ADDED ENTRY--TOPICAL TERM
Topical Term Pest
650 ## - SUBJECT ADDED ENTRY--TOPICAL TERM
Topical Term White grub
700 ## - ADDED ENTRY--PERSONAL NAME
Personal name Thankamony S.
942 ## - ADDED ENTRY ELEMENTS (KOHA)
Koha item type Bibliography STAF
Holdings
Withdrawn status Lost status Damaged status Not for loan Home library Current library Date acquired Koha item type
      Bibliography RRII Library RRII Library 09/04/2014 Bibliography STAF